| 000 | 00916nam a2200229 a 4500 | ||
|---|---|---|---|
| 001 | 71435 | ||
| 003 | BD-RjUL | ||
| 005 | 20211209082119.0 | ||
| 008 | 170503s1999 ii ||||| |||| 00| 0 ben d | ||
| 020 |
_a8172670311 _c : Tk. 50.00 |
||
| 035 | _a(BD-RjUL)71651 | ||
| 040 |
_aBD-RjUL _bben _cBD-RjUL |
||
| 041 | _aben | ||
| 082 |
_223 _a891.44092 _bBAS 1999 |
||
| 100 | 1 | 0 |
_aবসু, নিতাই _9126845 |
| 245 | 1 | 0 |
_aসত্যান্বেষী শরদিন্দু / _cনিতাই বসু |
| 260 |
_aকলিকাতা : _bসাহিত্যম্ ১৮বি শ্যামাচরণ দে স্ট্রীট, _c১৯৯৯ |
||
| 300 |
_a১১৯ পৃ. ; _c২২ সেমি. |
||
| 600 |
_aবন্দ্যোপাধ্যায়, শরদিন্দু _c১৮৯৯-১৯৭১ _9211357 |
||
| 600 |
_aBondupadai, Saradindu _c1899-1971 _9211358 |
||
| 942 |
_2ddc _cBK |
||
| 999 |
_c71435 _d71435 |
||